000 00441nam a2200181Ia 4500
003 GCL
008 140319s9999 xx 000 0 eng d
040 _aGCL /
_cGCL
082 0 4 _a530
_bS P
100 1 _aSTARLING, S.G
245 1 0 _aPHYSICS /
_cSTARLING, S.G
700 1 _aWOODALL, A.J
260 _a[S.N] :
_bLONGMANS, GREEN AND CO ،
_c1952
300 _a1328 P
650 0 4 _aPHYSICS
650 0 4 _aELECTRONIC WAVES
942 _2ddc
_cBK
999 _c14222
_d14222